[Event "Gibraltar Amateur op-B"]
[Site "Caleta"]
[Date "2019.01.28"]
[Round "3"]
[White "Gillis Glastone, Philippe"]
[Black "Bizcocho Mellado, Gregorio"]
[Result "1-0"]
[WhiteElo "1658"]
[BlackElo "1771"]
[PlyCount "35"]
[EventDate "2019.01.26"]
[EventType "swiss"]
[EventRounds "5"]
[EventCountry "GGB"]
[SourceTitle "CBM 188 Extra"]
[Source "ChessBase"]
[SourceDate "2019.02.28"]
[SourceVersion "1"]
[SourceVersionDate "2019.02.28"]
[SourceQuality "1"]

1. d4 Nf6 2. Bf4 g6 3. Nc3 Bg7 4. e4 d6 5. Qd2 0-0 6. 0-0-0 Nbd7 7. Nf3 c5 8. Bh6 a6 9. h4 b5 10. h5 Ng4 11. Bxg7 Kxg7 12. hxg6 hxg6 13. Nh4 Rh8 14. Nf5+ Kg8 15. Rxh8+ Kxh8 16. Nh6 Nxh6 17. Qxh6+ Kg8 18. Bc4 1-0